000 00962nam a2200277 a 4500
003 EG-GICUC
005 20260418073330.0
008 260418s1907 fr |||fr|||| 00| 0 fre d
040 _a EG-GICUC
_bfre
_c EG-GICUC
_d EG-GICUC
_erda
082 0 4 _221
_a343
_bCO . P
092 0 4 _221
099 _aLaw1 10 343 CO . P 1907
111 2 _aCongres International De Droit Compare
_nTenu a Paris du 31 juillet au 4 aout
_d1900 :
_cParis.
245 0 0 _aProces-Verbaux Des Seances Et Documents.
_nTome Second
264 1 _aParis :
_bLibrairie generale de droit et de jurisprudence,
_c1907.
300 _a621 Pages ;
_c24 cm.
336 _2rda content
_atext
337 _2rda media
_aComputer
338 _2rda carrier
_aOnline Resource
546 _aالنص باللغة الفرنسية
650 1 4 _aSciences Criminelles
_2qrmak
651 1 _2qrmak
856 4 0 _uhttps://fll.law.cu.edu.eg/fulltext/conf/B10-08649.pdf
905 _a161
942 _2ddc
_cBK
_e21
_n0
999 _c71575
_d71575